000 00604cam a22002173a 4500
001 33667
003 PGUSA
005 20140828083728.0
008 100907s2010||||xxu|||||s|||||000 | eng d
040 _aPGUSA
_beng
042 _adc
100 1 _aPage, Thomas Nelson,
_d1853-1922
245 1 0 _aTwo Prisoners
_h[electronic resource] /
_cThomas Nelson Page
260 _bProject Gutenberg,
_c2010
506 _aPublic domain in the USA.
516 _aElectronic text
700 1 _aKeep, Virginia
830 0 _aProject Gutenberg
_v33667
856 4 0 _uhttp://www.gutenberg.org/ebooks/33667
942 _cEB
999 _c262922
_d262922